000
00320nam a22001457a 4500
008
230403b ||||| |||| 00| 0 eng d
020
_a
9780521483292
041
_a
eng
080
_a
030
082
_a
030GAU
100
_a
42
101
_a
ENCIKLO
245
_a
A HISTORY OF HYPNOTISM
_c
ALAN GAULD
942
_2
udc
_c
BK
999
_c
59490
_d
59490